Резолюции XIX Всесоюзной конференции Коммунистической партии Советского Союза: приняты 1 июля 1988 года

Bibliographische Detailangaben
Zusammenfassung:Исключено из фонда НТБ ТПУ
Sprache:Russisch
Veröffentlicht: Москва, Политиздат, 1988
Format: MixedMaterials Buch
KOHA link:https://koha.lib.tpu.ru/cgi-bin/koha/opac-detail.pl?biblionumber=261979

MARC

LEADER 00000nam0a2200000 4500
001 261979
005 20231031221849.0
010 |a 5250006434 
035 |a (RuTPU)RU\TPU\book\284961 
090 |a 261979 
100 |a 20140528d1988 k y0rusy50 ca 
101 0 |a rus 
102 |a RU 
105 |a y z 000zy 
200 1 |a Резолюции XIX Всесоюзной конференции Коммунистической партии Советского Союза  |e приняты 1 июля 1988 года 
210 |a Москва  |c Политиздат  |d 1988 
215 |a 48 с. 
333 |a Исключено из фонда НТБ ТПУ 
801 1 |a RU  |b 63413507  |c 20140528 
801 2 |a RU  |b 63413507  |c 20220314  |g RCR 
942 |c BK